00278nam a2200109Ia 4500008004100000100001800041245003900059250000800098260004600106300000800152650000800160191201s2009 xx 000 0 und d aSHERLEKAR, SA 0aManagement Value Oriented Holistic aRep aN.DelhibHimalaya Publication Housec2009 a563 aMBA